MARC

LEADER 00000nam0a2200000 4500
001 176994
005 20231031165446.0
035 |a (RuTPU)RU\TPU\book\191900 
090 |a 176994 
100 |a 20100310d1956 m y0rusy50 ca 
101 0 |a rus 
102 |a RU 
105 |a a z 001cy 
200 1 |a Ленинград. Художественные памятники  |e очерк  |f В. С. Шварц 
210 |a Москва  |c Искусство  |d 1956 
215 |a 324 с.  |c ил. 
320 |a Список иллюстраций: с. 307-322. 
610 1 |a архитектурные памятники 
610 1 |a СССР 
610 1 |a Россия 
610 1 |a Ленинград 
610 1 |a история 
610 1 |a архитектура 
610 1 |a достопримечательности 
675 |a 711.424  |v 3 
700 1 |a Шварц  |b В. С.  |g Всеволод Сергеевич 
801 1 |a RU  |b 63413507  |c 20100310 
801 2 |a RU  |b 63413507  |c 20191112  |g RCR 
942 |c BK